Folytatják a védekezést a fábiánsebestyéni gázkitörésnél munkatársunk jelenti /

Elmentve itt :
Bibliográfiai részletek
Szerző: Pálfy Katalin
Dokumentumtípus: Cikk
Megjelent: 1985-12-18
Sorozat:Délmagyarország 75 No. 296
Kulcsszavak:Fábiánsebestyén, Katasztrófa gázkitörés Fábiánsebestyén
Online Access:http://dmarchiv.bibl.u-szeged.hu/86213
LEADER 00563nab a2200157 i 4500
001 delm86213
005 20190906085956.0
008 190906s1985 hu o 0|| hun d
040 |a SZTE Délmagyarország Archívum  |b hun 
041 |a hun 
100 1 |a Pálfy Katalin 
245 1 0 |a Folytatják a védekezést a fábiánsebestyéni gázkitörésnél   |h [elektronikus dokumentum] :  |b munkatársunk jelenti /  |c  Pálfy Katalin 
260 |c 1985-12-18 
300 |a 1 
490 0 |a Délmagyarország  |v 75 No. 296 
695 |a Fábiánsebestyén, Katasztrófa gázkitörés Fábiánsebestyén